Zahraniční obchod v roce 1992 Středoevropské země
Analýza zahraničného obchodu ČR, MR a PR za r.1992. Presun zahraničnoobchodných záujmov východozápadným smerom. Štatistické údaje. Spoločné rysy vo vývoji zahraničného obchodu. Celkove sa zahraničný obchod východoeurópskych krajín výrazne znížil v r.1992. Najvýznamnejším obchodným partnerom bola SRN...
Salvato in:
| Autore principale: | |
|---|---|
| Natura: | Capitolo di libro |
| Lingua: | ceco |
| Soggetti: | |
| Tags: |
Nessun Tag, puoi essere il primo ad aggiungerne!!
|
MARC
| LEADER | 00000naa a2200000 4500 | ||
|---|---|---|---|
| 001 | r013895 | ||
| 005 | 20221205075729.7 | ||
| 041 | 0 | |a cze | |
| 044 | |a CZ | ||
| 245 | 1 | 0 | |a Zahraniční obchod v roce 1992 |b Středoevropské země |c M. Polívka |
| 520 | |a Analýza zahraničného obchodu ČR, MR a PR za r.1992. Presun zahraničnoobchodných záujmov východozápadným smerom. Štatistické údaje. Spoločné rysy vo vývoji zahraničného obchodu. Celkove sa zahraničný obchod východoeurópskych krajín výrazne znížil v r.1992. Najvýznamnejším obchodným partnerom bola SRN. | ||
| 610 | 2 | 0 | |a obchod zahraničný |
| 610 | 2 | 0 | |a 1992 |
| 610 | 2 | 0 | |a údaje štatistické |
| 610 | 2 | 0 | |a porovnanie štatistické medzinárodné |
| 610 | 2 | 0 | |a Čechy |
| 610 | 2 | 0 | |a MR |
| 610 | 2 | 0 | |a PR |
| 610 | 2 | 0 | |a štruktúra dovozu |
| 610 | 2 | 0 | |a štruktúra vývozu |
| 610 | 2 | 0 | |a vzťahy hospodárske medzinárodné |
| 100 | 1 | |a Polívka, M. | |